000 00447nam a2200181Ia 4500
001 13496
005 20260306164805.0
008 260306t2011||||xx |||||||||||||| ||spa||
041 _aESP
082 _a004.22
_bP28
100 _aPatterson, David A.
_eAUT
245 0 _aEstructura y diseƱo de computadores:
_bla interfaz software/ hardware
260 _c2011
300 _a
_c
650 _aGEN
654 _aCCC
942 _cLIB
_dJUS
_fJUS
_2ddc
_n
999 _c13496
_d13496